000
00263nam a22001097a 4500
040
_c
SK
082
_a
628
100
_a
NA
245
_a
Animal waste management;គ្រប់គ្រងកាកសំណល់សត្វ
260
_a
RUA
_b
NA
_c
NA
942
_c
EK
999
_c
8933
_d
8933